000
00233nam a22000977a 4500
999
_c
263101
_d
263100
020
_a
0439559634
100
_a
Geronimo Stilton
245
_a
Lost Treasure of the Emerald Eye.
260
_a
New York
_b
Scholastic Inc
_c
2004
942
_c
BK